'70s TV by Actor Quiz Stats

Quiz Updated Feb 26, 2018

Also try: '80s TV by Actor
Challenge
Share
Tweet
Embed
Score 0/42 Timer 08:00
0 Plays Today
Actors' First Names 1970's TV Show % Correct
Farrah & DavidCharlie's Angels
86.6%
Henry & AnsonHappy Days
84.9%
Robin & PamMork & Mindy
83.5%
Penny & CindyLaverne & Shirley
79.3%
Danny & MariluTaxi
79.3%
Loretta & McLeanM*A*S*H
78.9%
Gilda & ChevySaturday Night Live
77.7%
Bea & AdrienneMaude
77.3%
Sherman & IsabelThe Jeffersons
77.2%
Carroll & SallyAll in the Family
76.6%
Joyce & SuzanneThree's Company
76.4%
Gavin & LaurenThe Love Boat
73.5%
Ricardo & HerveFantasy Island
72.3%
Telly & KevinKojak
71.6%
Jimmie & EstherGood Times
70.9%
Loni & GordonWKRP in Cincinnati
70.6%
Ted & BettyThe Mary Tyler Moore Show
69.9%
Gabe & MarciaWelcome Back Kotter
68.4%
Redd & DemondSanford and Son
67.9%
Larry & VictoriaDallas
61.2%
Bonnie & MackenzieOne Day at a Time
59.2%
Actors' First Names 1970's TV Show % Correct
Conrad & GaryDiff'rent Strokes
58.6%
Tony & JackThe Odd Couple
57.1%
Willie & AdamEight is Enough
56.8%
Charlotte & MindyThe Facts of Life
54.8%
Robert & StefanieHart to Hart
52.4%
Karl & MichaelThe Streets of San Francisco
47.7%
Hal & MaxBarney Miller
47.7%
Paul & DavidStarsky and Hutch
46.2%
Michael & MelissaLittle House on the Prairie
44.4%
Freddie & ScatmanChico and the Man
43%
Vic & BethAlice
42.7%
Suzanne & MarciaThe Bob Newhart Show
42.4%
Rock & SusanMcMillan and Wife
42.4%
David & SusanThe Partridge Family
34.5%
Katherine & CathrynSoap
34.4%
Lee & RichardThe Six Million Dollar Man
33.9%
Kevin & RandolphEmergency!
27.6%
Buddy & LeeBarnaby Jones
24.8%
Nancy & JulieRhoda
22.1%
Bill & LouThe Incredible Hulk
17.3%
Richard & RalphThe Waltons
16.6%

You're not logged in!

Compare scores with friends on all Sporcle quizzes.
Join for Free
OR
Log In

You Might Also Like...

Show Comments

Extras

Top Quizzes Today


Score Distribution

Your Account Isn't Verified!

In order to create a playlist on Sporcle, you need to verify the email address you used during registration. Go to your Sporcle Settings to finish the process.

Report this User

Report this user for behavior that violates our Community Guidelines.

Details: